000 01220nam a2200253Ia 4500
003 OSt
005 20220930095007.0
006 a|||||r|||| 00| 0
007 ta
008 220926b |||||||| |||| 00| 0 hin d
024 _a63025
037 _cTheses
040 _aCRL
_cCRL
_bhin
041 _2hin
_ahin
100 _aगौतम, रजनीश, ले.
110 _aदिल्ली विश्वविद्यालय. संगीत एवं ललित कला संकाय. संगीत विभाग
245 0 _aहिमाचल प्रदेश के संस्कारिक गीतों में प्रयुक्त संगत वाद्यों का विश्लेषणात्मक अध्ययन
246 _aHimāchal pradesh ke sanskārik gītoan mean prayukta sangat vādyoan kā vishleṣhaṇātmak adhyayana
260 _c2019
300 _a334पृ0
_ap.
_ccm.
700 _aदिल्ली विश्वविद्यालय. संगीत एवं ललित कला संकाय. संगीत विभाग
942 _cDIS
_2CC
999 _c888127
_d888127